Statystyki dla Najbogatsze państwa jako procent kontynentu

Kliknij tutaj aby rozwiązać quiz!

Ogólne statystyki

  • Ten quiz został rozwiązany 27 986 razy
  • Średni wynik to 16 z 21

Statystyki odpowiedzi

% PKBKraj% Poprawnych
80,0%Stany Zjednoczone
98%
39,2%Chiny
97%
15,4%Niemcy
95%
9,8%Rosja (europejska)
95%
10,8%Francja
93%
7,1%Kanada
90%
48,1%Brazylia
89%
83,5%Australia
85%
7,9%Japonia
84%
11,0%Wielka Brytania
82%
15,3%Indie
81%
15,6%Argentyna
79%
9,1%Meksyk
78%
8,7%Włochy
75%
19,4%Egipt
74%
11,6%Południowa Afryka
73%
7,4%Chile
60%
13,5%Nowa Zelandia
56%
12,3%Kolumbia
53%
7,3%Algieria
46%
15,7%Nigeria
45%

Rozkład punktacji

Percentyl według liczby udzielonych odpowiedzi

Procent ludzi z każdym wynikiem

Twoja historia wyników

Nie rozwiązałeś tego quizu